MARC

LEADER 00000nam0a2200000 4500
001 284978
005 20231101235741.0
035 |a (RuTPU)RU\TPU\book\309175 
090 |a 284978 
100 |a 20150219d1984 km y0rusy5003 ca 
101 0 |a rus 
102 |a RU 
105 |a y g 000zy 
200 1 |a Работа первичной организации ВОК  |e справочник  |f Всесоюзное добровольное общество любителей книги (ВОК) 
205 |a 2-е изд., испр. и доп. 
210 |a Москва  |c Книга  |d 1984 
215 |a 137 с. 
606 1 |a Книговедение  |2 stltpush  |3 (RuTPU)RU\TPU\subj\14571  |9 40942 
610 1 |a книги 
610 1 |a книгоиздательство 
610 1 |a Всесоюзное добровольное общество любителей книги 
610 1 |a первичные организации 
610 1 |a история 
610 1 |a деятельность 
610 1 |a пленумы 
610 1 |a постановления 
610 1 |a положения 
610 1 |a лекции 
610 1 |a тематика 
610 1 |a справочники 
686 |a Ч611я2  |2 rubbk 
712 0 2 |a Всесоюзное добровольное общество любителей книги (ВОК)  |c (Москва)  |c (1974-1989)  |2 stltpush  |3 (RuTPU)RU\TPU\col\6561 
801 0 |a RU  |b RuMRKP  |c 19950704  |g psbo 
801 1 |a RU  |b 63413507  |c 20150219 
801 2 |a RU  |b 63413507  |c 20171128  |g RCR 
942 |c BK